000 00764nam a2200289Ia 4500
005 20260324133359.0
008 008 260324s9999 xx 000 0 eng d
020 _a9781351281843
037 _aEBOOK
040 _aCRL
040 _beng
040 _cCRL
041 _2eng
041 _aeng
084 _qCRL
100 _aJörg Andriof; Sandra Waddock; Bryan Husted; Sandra Sutherland Rahman
_91192875
245 0 _aUnfolding Stakeholder Thinking 2
245 0 _bRelationships, Communication, Reporting and Performance
260 _bTaylor and Francis
260 _c2003
365 _a
365 _b99.99
856 _uhttp://www.taylorfrancis.com/books/9781351281843
942 _cEBOOK
999 _c1791850
_d1791850